000 00369 a2200157 4500
001 74962
020 _a978851606345-0
040 _cAnchieta - Colégio São Paulo
100 _aDoratito, Francisco Fernando Monteoliva
240 1 0 _aQuímica 3
_lpor
245 1 0 _aQuímica 3
300 _a464
362 0 _a2009
650 4 _aQuímica e ciências afins
942 _cBK
999 _c74962
_d74962